'Poedicvlorvm oppida' : spazi urbani della Puglia Centrale in età Romana /

The indigenous persistence, texture, articulation, shape and functionality of the urban definition of the municipia in central Apulia demonstrate the nature of the complex history and settlement of this area in the long period between the age of Romanization and the 3rd century AD. The comprehensive...

وصف كامل

محفوظ في:

المؤلف الرئيسي: Fioriello, Custode Silvio (مؤلف)

التنسيق: كتاب الكتروني

اللغة: Italian

منشور في: Oxford : Archaeopress Publishing Ltd, [2017]

سلاسل: Archaeopress Roman archaeology ; 23.

الموضوعات:

الوصول للمادة أونلاين: Login to view Source

الوسوم: إضافة وسم

لا توجد وسوم, كن أول من يضع وسما على هذه التسجيلة!

رقم الطلب: DG55.A65

LEADER 02176nam a2200433 i 4500
001 EDZ0001703082
003 StDuBDS
005 20230412181948.0
006 m|||||o||d||||||||
007 cr |||||||||||
008 170418t20172017enka fob 000|0|ita|d
020 |a 9781784915933 (ebook) :  |c No price 
040 |a StDuBDS  |b eng  |c StDuBDS  |e rda  |e pn 
041 0 |a ita  |b eng 
050 4 |a DG55.A65 
082 0 4 |a 937.75  |2 23 
100 1 |a Fioriello, Custode Silvio,  |e author. 
245 1 0 |a 'Poedicvlorvm oppida' :  |b spazi urbani della Puglia Centrale in età Romana /  |c Custode Silvio Fioriello. 
264 1 |a Oxford :  |b Archaeopress Publishing Ltd,  |c [2017] 
264 4 |c ©2017 
300 |a 1 online resource :  |b illustrations (black and white). 
336 |a text  |2 rdacontent 
336 |a still image  |2 rdacontent 
337 |a computer  |2 rdamedia 
338 |a online resource  |2 rdacarrier 
490 1 |a Archaeopress Roman archaeology ;  |v 23 
500 |a Previously issued in print: 2017. 
504 |a Includes bibliographical references. 
520 8 |a The indigenous persistence, texture, articulation, shape and functionality of the urban definition of the municipia in central Apulia demonstrate the nature of the complex history and settlement of this area in the long period between the age of Romanization and the 3rd century AD. The comprehensive collection and examination of the material evidence make it possible to reconstruct - for the first time, in an organic manner and in a global framework - the profile of the urban space of 'poediculorum oppida'. 
521 |a Specialized. 
546 |a Text in Italian with English summary. 
588 |a Description based on online resource; title from home page (viewed on June 27 2017). 
650 0 |a Urban geography  |z Italy  |z Puglia  |x History  |y To 1500. 
776 0 8 |i Print version :  |z 9781784915926 
830 0 |a Archaeopress Roman archaeology ;  |v 23. 
856 4 0 |3 Archaeopress  |u http://library.arce.org:8087/Archaeopress/Products/9781784915926 
942 |2 lcc  |c EBOOK 
952 |0 0  |1 0  |4 0  |6 DG0055 A65  |7 1  |9 46269  |a ARCH  |b ARCH  |d 2023-04-12  |l 0  |o DG55.A65  |r 2023-04-12 00:00:00  |w 2023-04-12  |y EBOOK 
999 |c 51927  |d 51927